header

Maritime security (Record no. 150024)

MARC details
000 -LEADER
fixed length control field 01341nam a2200325Ia 4500
100 1# - MAIN ENTRY--AUTHOR NAME
Personal name McNicholas, Michael.
245 10 - TITLE STATEMENT
Title Maritime security
260 ## - PUBLICATION, DISTRIBUTION, ETC. (IMPRINT)
Place of publication Amsterdam ;
-- Boston :
Name of publisher Elsevier/Butterworth Heinemann,
Year of publication c2008.
300 ## - PHYSICAL DESCRIPTION
Number of Pages xxii, 447 p. :
Other physical details ill., maps.
490 1# - SERIES STATEMENT
Series statement Butterworth-Heinemann homeland security series
650 #0 - SUBJECT ADDED ENTRY--TOPICAL TERM
Topical Term Merchant marine
Topical Term Shipping
Topical Term Marine terminals
856 40 - ELECTRONIC LOCATION AND ACCESS
Uniform Resource Identifier http://site.ebrary.com/lib/rucke/Doc?id=10251243

No items available.

© 2026 Rongo University
Contact us: librarian | system librarian | Rongo university